[Event "Abu Dhabi op 10th"]
[Site "Abu Dhabi"]
[Date "2000.08.27"]
[Round "2"]
[White "Mirzoeva, Elmira"]
[Black "Ahmad, Hussain"]
[Result "1-0"]
[WhiteElo "2296"]
[BlackElo "2155"]
[PlyCount "83"]
[EventDate "2000.08.26"]
[EventType "swiss"]
[EventRounds "9"]
[EventCountry "UAE"]
[SourceTitle "CBM 077 Extra"]
[Source "ChessBase"]
[SourceDate "2000.09.14"]
[SourceVersion "1"]
[SourceVersionDate "2000.09.14"]
[SourceQuality "1"]

1. e4 c5 2. Nf3 Nc6 3. Nc3 g6 4. Bc4 Bg7 5. 0-0 d6 6. d3 Nf6 7. h3 0-0 8. Be3 a6 9. a4 Nd7 10. d4 cxd4 11. Nxd4 Nde5 12. Be2 f5 13. Nxc6 bxc6 14. f4 Nf7 15. exf5 Bxf5 16. Bd3 Bxd3 17. Qxd3 d5 18. Bc5 Nd6 19. Rae1 Rf7 20. Bd4 Bh6 21. g3 Qc8 22. Kg2 Nf5 23. Be5 Bf8 24. g4 Nd6 25. b3 e6 26. Qg3 Qd7 27. Qe3 Re8 28. h4 Qc8 29. Qg3 Qd7 30. Rh1 c5 31. h5 g5 32. fxg5 d4 33. Ne4 Nxe4 34. Rxe4 Qd5 35. Rhe1 Bg7 36. Kg1 Qd8 37. g6 hxg6 38. hxg6 Rd7 39. Bxg7 Kxg7 40. Rxe6 Rh8 41. Qe5+ Kh6 42. g7+ 1-0